| 000 | 00628nam a22002177a 4500 | ||
|---|---|---|---|
| 999 |
_c6933 _d6933 |
||
| 003 | AR-CdUCM | ||
| 008 | 190319b ||||| |||| 00| 0 spa d | ||
| 040 |
_aMUNICIPALIDAD PROVINCIAL DEL CUSCO _cBIBLIOTECA MUNICIPAL DEL CUSCO |
||
| 082 |
_22 ed. _a843 / _bB24 |
||
| 100 |
_aBarbusse, Enrique _919537 |
||
| 245 | _aClaridad / | ||
| 260 |
_aMadrid : _bCaro Raggio, _c1923. |
||
| 300 |
_a312 páginas ; _c19 cm. |
||
| 500 | _aDonación de la familia Nieto. | ||
| 650 |
_aFrancia _91444 |
||
| 650 |
_aNovela francesa _92590 |
||
| 650 |
_aSiglo XX _98 |
||
| 700 |
_aMendoza, H. de _919538 |
||
| 942 |
_2ddc _cLIBROS |
||
| 945 | _araen | ||